Effect of different Organic fertilizers on growth and yield celery cabbage under sandy loam condition; ឥទ្ធិពលជីសរីរាង្គប្រភេទខុសៗគ្នាទៅលើការលូតលាស់និងទិន្នផលដំណាំស្ពៃចង្កឹះក្នុងលក្ខខណ្ឌដីល្បាយខ្សាច់ (Record no. 10964)
[ view plain ]
| 000 -LEADER | |
|---|---|
| fixed length control field | 00792nam a22001577a 4500 |
| 003 - CONTROL NUMBER IDENTIFIER | |
| control field | OSt |
| 005 - DATE AND TIME OF LATEST TRANSACTION | |
| control field | 20161127102715.0 |
| 008 - FIXED-LENGTH DATA ELEMENTS--GENERAL INFORMATION | |
| fixed length control field | 161127b xxu||||| |||| 00| 0 eng d |
| 040 ## - CATALOGING SOURCE | |
| Transcribing agency | RUA |
| 082 ## - DEWEY DECIMAL CLASSIFICATION NUMBER | |
| Classification number | AGR HEN B541 2015 Or.1 |
| 100 ## - MAIN ENTRY--PERSONAL NAME | |
| 9 (RLIN) | 11407 |
| Personal name | HENG BUNHEANG; ហេង ប៊ុនហៀង |
| 245 ## - TITLE STATEMENT | |
| Title | Effect of different Organic fertilizers on growth and yield celery cabbage under sandy loam condition; ឥទ្ធិពលជីសរីរាង្គប្រភេទខុសៗគ្នាទៅលើការលូតលាស់និងទិន្នផលដំណាំស្ពៃចង្កឹះក្នុងលក្ខខណ្ឌដីល្បាយខ្សាច់ |
| 260 ## - PUBLICATION, DISTRIBUTION, ETC. (IMPRINT) | |
| Place of publication, distribution, etc. | Phnom Penh |
| Name of publisher, distributor, etc. | RUA |
| Date of publication, distribution, etc. | 2015 |
| 300 ## - PHYSICAL DESCRIPTION | |
| Extent | xii; 36p; |
| Other physical details | ill; |
| Dimensions | 29cm; |
| 942 ## - ADDED ENTRY ELEMENTS (KOHA) | |
| Source of classification or shelving scheme | |
| Koha item type | AGR |
| Price effective from | Date last seen | Permanent Location | Not for loan | Date acquired | Source of classification or shelving scheme | Koha item type | Lost status | Withdrawn status | Date last checked out | Total Checkouts | Shelving location | Damaged status | Barcode | Current Location | Full call number |
|---|---|---|---|---|---|---|---|---|---|---|---|---|---|---|---|
| 2016-11-27 | 2016-11-27 | Library Block B | 2016-11-27 | AGR | B541 | A03292 | Library Block B | AGR HEN B541 2015 Or.1 | |||||||
| 2016-11-27 | 2018-09-28 | Library Block B | 2016-11-27 | AGR | 2018-09-26 | 1 | B541 | A04057 | Library Block B | AGR HEN B541 2015 Or.2 | |||||
| 2016-11-27 | 2016-11-27 | Library Block B | 2016-11-27 | AGR | B541 | A04028 | Library Block B | AGR HEN B541 2015 Or.3 | |||||||
| 2016-11-27 | 2016-11-27 | Library Block B | 2016-11-27 | AGR | B541 | A03806 | Library Block B | AGR HEN B541 2015 Or.4 | |||||||
| 2016-11-27 | 2016-11-27 | Library Block B | 2016-11-27 | AGR | B541 | A03733 | Library Block B | AGR HEN B541 2015 Or.5 | |||||||
| 2016-11-27 | 2016-11-27 | Library Block B | 2016-11-27 | AGR | B541 | A03878 | Library Block B | AGR HEN B541 2015 Or.6 | |||||||
| 2016-11-27 | 2016-11-27 | Library Block B | 2016-11-27 | AGR | B541 | A04036 | Library Block B | AGR HEN B541 2015 Or.7 | |||||||
| 2016-11-27 | 2016-11-27 | Library Block B | 2016-11-27 | AGR | B541 | A03217 | Library Block B | AGR HEN B541 2015 Or.8 |